| 000 | 00623na a2200241 4500 | ||
|---|---|---|---|
| 001 | 12572 | ||
| 003 | MIRAKIL | ||
| 005 | 20181213154751.0 | ||
| 008 | 160809b tu 000 0 | ||
| 020 | _a9752889751 | ||
| 035 | _a12572 | ||
| 040 |
_aMilas _btur _cTR-AnCHP |
||
| 082 |
_a364.3 _bY91a [t.y.] |
||
| 090 | _a364.3 Y91a [t.y.] | ||
| 100 | _aYücel, Mustafa Tören | ||
| 245 |
_aAdalet psikolojisi _cMustafa Tören Yücel. |
||
| 260 |
_a[y.y] _b[yayl.y.] _c[t.y.] |
||
| 300 |
_a286 s. _btbl. _c24 sm. |
||
| 500 | _aDizin var. | ||
| 650 | _aAdalet (Psikoloji) | ||
| 650 | _aSuç psikolojisi | ||
| 942 |
_2ddc _cBKS |
||
| 999 |
_c485 _d485 |
||